[Event "ECC"]
[Site "Halkidiki GRE"]
[Date "2002.09.27"]
[Round "6"]
[White "Weisbuch,U"]
[Black "Genser,H"]
[Result "1-0"]
[WhiteElo "2306"]
[BlackElo "2248"]

1.e4 e6 2.d4 d5 3.Nd2 Be7 4.e5 c5 5.c3 cxd4 6.cxd4 Nc6 7.Nb3 Qb6 8.f4 Bd7
9.Nf3 Rc8 10.Bd3 Nb4 11.a4 Nxd3+ 12.Qxd3 Rc4 13.a5 Qc7 14.Nfd2 Rc6 15.O-O Nh6
16.Nb1 O-O 17.Nc3 Rc4 18.Be3 Bb4 19.Nd2 Rc6 20.Nb5 Qb8 21.Nf3 f6 22.Bd2 Be7
23.Rae1 a6 24.Nc3 Qd8 25.exf6 gxf6 26.Nh4 f5 27.Nf3 Nf7 28.Nd1 Rc8 29.Qb3 Nd6
30.Bb4 Bb5 31.Rxe6 Bxf1 32.Kxf1 Rf6 33.Qxd5 Nf7 34.Qxd8+ Bxd8 35.Re8+ Kg7
36.d5 Nd6 37.Re5 Nf7 38.Re3 Rc4 39.Bc3 Rxc3 40.Nxc3 Bxa5 41.Re7 b5 42.Ne5 Bb4
43.Rb7 Kg8 44.Ke2 Nd6 45.Rc7 a5 46.Na2 Rf8 47.Nxb4 axb4 48.Rc6 Rd8 49.Ke3 Nc4+
50.Nxc4 bxc4 51.Kd4  1-0

[Event "1st Masters"]
[Site "Villeurbanne FRA"]
[Date "2002.09.27"]
[Round "7"]
[White "Bolding,K"]
[Black "Legky,N"]
[Result "0-1"]
[WhiteElo "2373"]
[BlackElo "2498"]

1.e4 e6 2.d4 d5 3.Nd2 a6 4.Ngf3 Nf6 5.e5 Nfd7 6.Bd3 c5 7.c3 Nc6 8.a3 b5 9.Nf1 b4
10.Ng3 a5 11.Ng5 Be7 12.Qh5 g6 13.Qh6 Bf8 14.Qh3 cxd4 15.cxd4 Nxd4 16.Qg4 Nc6
17.f4 Qb6 18.h4 bxa3 19.h5 Qb4+ 20.Bd2 Ndxe5 21.Qe2 Nxd3+ 22.Qxd3 Qxb2 23.Rb1 Nb4
24.Bxb4 Bxb4+ 25.Kd1 Ba6 26.Qc2 Qd4+  0-1

[Event "1st Masters"]
[Site "Villeurbanne FRA"]
[Date "2002.09.28"]
[Round "8"]
[White "Masserey,Y"]
[Black "Legky,N"]
[Result "1-0"]
[WhiteElo "2327"]
[BlackElo "2498"]

1.e4 e6 2.d4 d5 3.Nd2 a6 4.Ngf3 Nf6 5.e5 Nfd7 6.c4 dxc4 7.Bxc4 b5 8.Bd3 Bb7
9.a4 Nc5 10.Bc2 Nxa4 11.O-O Nb6 12.Ne4 h6 13.Be3 N8d7 14.Nfd2 Nd5 15.Nb3 Qh4
16.g3 Qh3 17.Na5 Nxe3 18.fxe3 Bd5 19.Qf3 f5 20.exf6 O-O-O 21.Bb3 Nxf6 22.Bxd5 exd5
23.Nxf6 gxf6 24.Nc6 Rd6 25.Rxa6 Rg8 26.Rc1 Kd7 27.Ra8 h5 28.Ne5+  1-0

[Event "2nd Rohde Open"]
[Site "Sautron FRA"]
[Date "2002.10.01"]
[Round "7"]
[White "Mullon,J"]
[Black "Legky,N"]
[Result "0-1"]
[WhiteElo "2318"]
[BlackElo "2503"]

1.e4 e6 2.d4 d5 3.Nd2 a6 4.Ngf3 Nf6 5.Bd3 c5 6.exd5 Qxd5 7.dxc5 Bxc5 8.O-O Nbd7
9.Qe2 O-O 10.Rd1 Qc6 11.Ne4 b5 12.Bg5 Bb7 13.Bxf6 gxf6 14.Nh4 Be7 15.Qh5 f5
16.Ng5 Nf6 17.Qh6 Rfd8 18.Re1 Rd7 19.Nhf3 Bf8 20.Qh3 Re7 21.Ne5 Qd5 22.c4 Qd4
23.Rad1 Qf4 24.Ngf3 b4 25.Bc2 Bg7 26.Qg3 Qxg3 27.hxg3 Ne4 28.Ba4 Ra7 29.Bb3 a5
30.Rd7 Rxd7 31.Nxd7 Bxb2 32.Nfe5 a4 33.Bc2 b3 34.Bb1 bxa2 35.Bxa2 Nc3 36.Nd3 Be4
37.N7c5 Bxd3 38.Nxd3 a3 39.Bb3 a2 40.Bxa2 Rxa2 41.Nxb2 Rxb2  0-1

[Event "EuYCh B18"]
[Site "Peniscola ESP"]
[Date "2002.10.03"]
[Round "5"]
[White "Llobel Cortell,E"]
[Black "Markos,J"]
[Result "1-0"]
[WhiteElo "2377"]
[BlackElo "2467"]

1.e4 e6 2.d4 d5 3.Nd2 Be7 4.e5 c5 5.Qg4 Kf8 6.dxc5 Nc6 7.Ndf3 f6 8.Qg3 Bxc5
9.Bd3 Qb6 10.Nh3 fxe5 11.Nxe5 Nxe5 12.Qxe5 Qd6 13.Qxd6+ Bxd6 14.f4 Nf6 15.Be3 b6
16.Bd4 h6 17.Kd2 Kf7 18.Rae1 Bc5 19.c3 a5 20.Ng1 Ne4+ 21.Bxe4 dxe4 22.Ne2 Be7
23.Bc5 bxc5 24.Ng3  1-0

[Event "ch-ESP Open"]
[Site "Ayamonte ESP"]
[Date "2002.10.06"]
[Round "3"]
[White "Perez Candelario,M"]
[Black "Diez Gonzalez,P"]
[Result "1-0"]
[WhiteElo "2408"]
[BlackElo "2278"]

1.e4 e6 2.d4 d5 3.Nd2 a6 4.Bd3 c5 5.Ngf3 Nc6 6.dxc5 Bxc5 7.O-O Nf6 8.e5 Nd7
9.Nb3 Be7 10.Re1 O-O 11.c3 f6 12.exf6 gxf6 13.Nfd4 Nde5 14.Bxh7+ Kxh7 15.Qh5+ Kg8
16.Re3 Rf7 17.Rg3+ Rg7 18.Rxg7+ Kxg7 19.Bh6+ Kg8 20.Re1 Bf8 21.Re3 Bxh6 22.Qxh6 Ne7
23.Qxf6 N5g6 24.Nxe6 Bxe6 25.Qxe6+ Kg7 26.Rf3 Qe8 27.Nd4 Nf8 28.Qf6+ Kg8
29.Ne6 Nf5 30.Rxf5 Nxe6 31.Re5  1-0

[Event "TCh-AUT B"]
[Site "Mitte AUT"]
[Date "2002.10.11"]
[Round "9"]
[White "Sandhoefner,F"]
[Black "Bukal,V jr"]
[Result "0-1"]
[WhiteElo "2259"]
[BlackElo "2409"]

1.e4 e6 2.d4 d5 3.Nd2 Be7 4.c3 c5 5.exd5 exd5 6.Ngf3 Nc6 7.dxc5 Bxc5 8.Be2 Nf6
9.O-O O-O 10.Nb3 Bb6 11.Nfd4 Re8 12.Be3 Ne5 13.Qc2 a6 14.Rad1 Qd6 15.Qc1 Bc7
16.Bf4 Qb6 17.Rfe1 Bd7 18.h3 Ne4 19.f3 Nf6 20.Kh1 Nh5 21.Bh2 Ng6 22.Bf1 Bxh2
23.Kxh2 Qd6+ 24.Kg1 Qg3 25.Ne2 Rxe2 26.Rxe2 Nhf4 27.Kh1 Nxe2 28.Bxe2 Bxh3
29.Bf1 Be6 30.Nc5 h5 31.Qe3 Nf4 32.Nxb7 h4 33.Qe1 Rb8 34.Qxg3 hxg3 35.Bxa6 Bc8
36.Rd4 Bxb7  0-1

[Event "TCh-CZE 2002-3"]
[Site "Czech Rep CZE"]
[Date "2002.10.12"]
[Round "1"]
[White "Vyskocil,N"]
[Black "Vavrak,P"]
[Result "1-0"]
[WhiteElo "2387"]
[BlackElo "2397"]

1.e4 e6 2.d4 d5 3.Nd2 Be7 4.Ngf3 Nf6 5.e5 Nfd7 6.c4 dxc4 7.Nxc4 Nb6 8.Be2 Nxc4
9.Bxc4 Nd7 10.O-O Nb6 11.Bd3 Nd5 12.Qe2 Bd7 13.Bd2 Bc6 14.Rac1 Qd7 15.a3 a6
16.Ne1 O-O 17.Be4 f5 18.exf6 Bxf6 19.Nf3 Bb5 20.Bd3 Bxd3 21.Qxd3 Rad8 22.Rfe1 Qf7
23.Qe4 Rfe8 24.Bg5 c6 25.h3 Qh5 26.Bxf6 gxf6 27.Rc2 Rd7 28.Kh2 Rg7 29.Nh4 Ree7
30.g3 Qe8 31.Rce2 Qb8 32.Qf3 Qd6 33.Re4 f5 34.Re5 Nf6 35.Qf4 Qd7 36.Nf3 Ne4
37.Nd2 Nf6 38.Nf3 Ne4 39.Nd2 Nf6 40.Nb3 b6 41.Nd2 Nd5 42.Qf3 Rg6 43.Qe2 Nc7
44.Nf3 Nb5 45.Qc4 Nd6 46.Qxa6 b5 47.R5e2 Nf7 48.Qb6 Qd5 49.Qb8+ Kg7 50.Qf4 Ra7
51.Nh4 Rh6 52.Nf3 Ra4 53.Ng5 Rxd4 54.Qc7 Rf6 55.Nxe6+ Rxe6 56.Rxe6 Qf3 57.R6e2 Rd1
58.Qf4 Qxf4 59.gxf4 Rd4 60.Kg3 Nd6 61.f3 Rd3 62.Re7+ Kf8 63.Rxh7 Ne4+ 64.Kg2 Rd2+
65.Kg1 Ng3 66.b4 Ne2+ 67.Kf2 Nc1+ 68.Kg3  1-0

[Event "TCh-SWE"]
[Site "Helsingborg SWE"]
[Date "2002.10.13"]
[Round "3"]
[White "Moberg,K"]
[Black "Ivanov,Se"]
[Result "0-1"]
[WhiteElo "2354"]
[BlackElo "2561"]

1.e4 e6 2.d4 d5 3.Nd2 Be7 4.Ngf3 Nf6 5.Bd3 c5 6.exd5 Qxd5 7.dxc5 Nbd7 8.Nb3 Nxc5
9.Nxc5 Qxc5 10.O-O O-O 11.Be3 Qc7 12.Ng5 h6 13.Ne4 Nd5 14.Qf3 Nxe3 15.fxe3 Bd7
16.Qg3 Rac8 17.Qxc7 Rxc7 18.Rae1 f5 19.Nd2 Bf6 20.b3 Bc3 21.Re2 g6 22.e4 Kg7
23.a4 e5 24.Nc4 f4 25.h3 h5 26.Kh2 Rf6 27.Na3 a6 28.Nb1 g5 29.Nxc3 Rxc3 30.Kg1 g4
31.hxg4 hxg4 32.Kf2 g3+ 33.Ke1 Bg4 34.Rd2 Rfc6 35.Rh1 Rxb3 36.Be2 Rb1+ 37.Rd1 Rxd1+
38.Bxd1 Bxd1 39.Kxd1 Rc4  0-1

[Event "TCh-SWE"]
[Site "Helsingborg SWE"]
[Date "2002.10.13"]
[Round "3"]
[White "Furhoff,J"]
[Black "Djurhuus,R"]
[Result "0-1"]
[WhiteElo "2302"]
[BlackElo "2479"]

1.e4 e6 2.d4 d5 3.Nd2 Be7 4.Ngf3 Nf6 5.Bd3 c5 6.dxc5 dxe4 7.Nxe4 Nxe4 8.Bxe4 Qxd1+
9.Kxd1 Bxc5 10.Ke2 Nd7 11.Be3 Bxe3 12.Kxe3 Nc5 13.Rad1 Nxe4 14.Kxe4 b6 15.Ke3 Bb7
16.c4 Ke7 17.Rd4 Rad8 18.Rhd1 Rxd4 19.Rxd4 Rc8 20.g3 f6 21.Rh4 h6 22.Nd4 a6
23.b3 Rd8 24.b4 Kf7 25.c5 Bd5 26.cxb6 e5 27.Ne2 g5 28.Rxh6 Kg7 29.Rh5 Bxa2
30.g4 Rb8 31.Ng3 Bb1 32.Nf5+ Bxf5 33.gxf5 Rxb6 34.h4 g4  0-1

[Event "Essent Open"]
[Site "Hoogeveen NED"]
[Date "2002.10.14"]
[Round "4"]
[White "Filipek,J"]
[Black "Kiriakov,P"]
[Result "0-1"]
[WhiteElo "2374"]
[BlackElo "2553"]

1.e4 e6 2.d4 d5 3.Nd2 a6 4.Ngf3 c5 5.dxc5 Bxc5 6.Bd3 Nc6 7.c3 Nf6 8.O-O O-O
9.Qe2 Qc7 10.e5 Ng4 11.Nb3 Ba7 12.Bxh7+ Kxh7 13.Ng5+ Kg8 14.Qxg4 Qxe5 15.Qh3 Qf5
16.Qxf5 exf5 17.Be3 Bxe3 18.fxe3 Ne5 19.Rad1 Rd8 20.Nd4 g6 21.b3 Bd7 22.Ndf3 Ng4
23.Rfe1 Be8 24.h3 Nf6 25.Nd4 Rac8 26.Rc1 Rd7 27.Rc2 Rdc7 28.Rec1 Nd7 29.Ngf3 Nc5
30.g4 fxg4 31.hxg4 Ne4 32.c4 dxc4 33.Rxc4 Rxc4 34.Rxc4 Rxc4 35.bxc4 Nc3 36.a3 Nb1
37.Nc2 Ba4 38.Nfd4 Nd2 39.c5 Ne4 40.Nb4 Nxc5 41.Nd5 Ne4 42.Kg2 Bd1 43.Kh3 Kg7
44.Kh4 Nf6 45.Nc7 Nxg4 46.e4 Kf6 47.Nb3 Bxb3 48.Kxg4 Ke5  0-1

[Event "Essent Open"]
[Site "Hoogeveen NED"]
[Date "2002.10.16"]
[Round "6"]
[White "Cheparinov,I"]
[Black "Riazantsev,A"]
[Result "1/2-1/2"]
[WhiteElo "2473"]
[BlackElo "2543"]

1.e4 e6 2.d4 d5 3.Nd2 Be7 4.Bd3 c5 5.dxc5 Nf6 6.Qe2 Nc6 7.Ngf3 Nb4 8.O-O Nxd3
9.cxd3 Bxc5 10.Nb3 Be7 11.Bg5 h6 12.Bh4 Bd7 13.e5 Ng8 14.Bg3 h5 15.Nfd4 g6
16.Rac1 b6 17.Nc6 Bxc6 18.Rxc6 Nh6 19.Bf4 Nf5 20.Rfc1 O-O 21.d4 Bg5 22.Qd2 Bxf4
23.Qxf4 Qd7 24.R1c2 Rfc8 25.Qc1 Ne7 26.Rc7  1/2-1/2

[Event "19th Muensterland Open"]
[Site "Senden GER"]
[Date "2002.10.16"]
[Round "7"]
[White "Zapata,A"]
[Black "Seifert,V"]
[Result "1-0"]
[WhiteElo "2556"]
[BlackElo "2311"]

1.e4 e6 2.d4 d5 3.Nd2 Be7 4.Ngf3 Nf6 5.exd5 exd5 6.Bd3 Bg4 7.Nf1 O-O 8.Ne3 Bh5
9.O-O Re8 10.h3 Bf8 11.c3 c6 12.Nf5 Nbd7 13.g4 Bg6 14.N3h4 Qc7 15.Qf3 Qb6
16.Rb1 Re6 17.Bf4 Rae8 18.Qg2 Qa5 19.Ra1 Ne4 20.a4 Nd6 21.Qh2 Qc7 22.c4 dxc4
23.Bxc4 Bxf5 24.Nxf5 Rg6 25.Rfe1 Rxe1+ 26.Rxe1 Qa5 27.Ne7+ Bxe7 28.Rxe7 Nxc4
29.Rxd7 f5 30.Bd2  1-0

[Event "Gp A"]
[Site "Cap d'Agde FRA"]
[Date "2002.10.26"]
[Round "7"]
[White "Morovic Fernandez,I"]
[Black "Hamdouchi,H"]
[Result "1-0"]
[WhiteElo "2549"]
[BlackElo "2593"]

1.e4 e6 2.d4 d5 3.Nd2 Be7 4.e5 c5 5.Qg4 Kf8 6.dxc5 Nc6 7.Ngf3 h5 8.Qg3 h4
9.Qf4 g5 10.Qe3 Nh6 11.Bd3 Nb4 12.O-O Nxd3 13.Qxd3 Nf5 14.Nd4 Nxd4 15.Qxd4 b6
16.cxb6 axb6 17.Nf3 Ba6 18.Re1 Rc8 19.Be3 Rc6 20.Qd2 g4 21.Nd4 Rc4 22.c3 Rg8
23.Qd3 Bg5 24.b3 Bxe3 25.Rxe3 Ra4 26.Qd2 Ra3 27.Qb2 Qe7 28.Nc6 Qc5 29.Nb8 Qe7
30.Nd7+ Kg7 31.Nf6 Rd8 32.b4 d4 33.Re4 Rxc3 34.Rxg4+ Kh8 35.Qd2  1-0

[Event "10th Chigorin Mem"]
[Site "St Petersburg RUS"]
[Date "2002.10.26"]
[Round "2"]
[White "Potkin,V"]
[Black "Kirusha,A"]
[Result "1/2-1/2"]
[WhiteElo "2495"]
[BlackElo "2386"]

1.e4 e6 2.d4 d5 3.Nd2 Be7 4.Ngf3 Nf6 5.Bd3 c5 6.exd5 exd5 7.dxc5 O-O 8.O-O Bg4
9.h3 Bh5 10.Nb3 Nbd7 11.Be3 a5 12.a4 Qc7 13.Be2 Nxc5 14.Nbd4 Rfe8 15.Nb5 Qd8
16.Nfd4 Bg6 17.Re1 Rc8 18.c3 Nce4 19.Nb3 Bf8 20.Bf1 h6 21.Nd2 Nd6 22.Nxd6 Bxd6
23.Bb5 Re7 24.Nf1 Ne4 25.Qf3 Nf6 26.Bd4 Be4 27.Qd1 Re6 28.Bd3 Qe7  1/2-1/2

[Event "Olympiad"]
[Site "Bled SLO"]
[Date "2002.10.28"]
[Round "3"]
[White "Cheparinov,I"]
[Black "Arencibia,W"]
[Result "0-1"]
[WhiteElo "2473"]
[BlackElo "2521"]

1.e4 e6 2.d4 d5 3.Nd2 Be7 4.Bd3 c5 5.dxc5 Nf6 6.Qe2 Nc6 7.Ngf3 Nb4 8.O-O Bxc5
9.Bb5+ Bd7 10.Ne5 O-O 11.Nxd7 Nxd7 12.Nb3 Bb6 13.c3 Nc6 14.Rd1 Re8 15.Bd3 Qh4
16.g3 Qf6 17.Be3 Rad8 18.Bxb6 Nxb6 19.Bb5 Nd7 20.Re1 Ndb8 21.Rad1 dxe4 22.Qxe4 Rxd1
23.Rxd1 Rd8 24.Re1 g6 25.Bf1 Rd6 26.Bg2 Nd7 27.f4 Qd8 28.Qe2 Qb6+ 29.Qf2 Qa6
30.Ra1 Qa4 31.Qe2 h5 32.Bf3 Nf6 33.Kg2 b6 34.Rd1 Rxd1 35.Qxd1 Qxa2 36.Bxc6 Qxb2+
37.Nd2 Qxc3 38.Bf3 a5 39.Ne4 Nxe4 40.Bxe4 b5 41.Qc2 Qb4 42.Qb1 Qd2+ 43.Kh3 Qd7
44.Kg2 a4 45.Qb4 Qa7 46.Bb1 a3 47.Ba2 Qe3 48.Kh3 Qd3 49.Qc5 Qf1+ 50.Kh4 Qe2
51.Kg5 Qxa2 52.Kh6 Qc4 53.Qxa3 Qc8 54.Qa5 Qb8 55.Qc3 Qf8+ 56.Kg5 b4 57.Qc4 Qb8
58.Qb3 Kf8 59.Qb2 Qb5+ 60.Kh6 Qc5 61.Qa2 Ke7 62.Kg7 Qc3+ 63.Kg8 Qc8+ 64.Kg7 Qf8+
65.Kh7 Qb8 66.Qb3 Qb6 67.Kg8 Qd8+ 68.Kh7 Qd4 69.Qa4 Kd6 70.Kg8 f6 71.Kf7 g5
72.Qa6+ Kc5 73.Qxe6 gxf4 74.Qe7+ Kc4 75.Qc7+ Kd3  0-1

[Event "10th Chigorin Mem"]
[Site "St Petersburg RUS"]
[Date "2002.10.28"]
[Round "4"]
[White "Yevseev,D"]
[Black "Firman,N"]
[Result "1-0"]
[WhiteElo "2553"]
[BlackElo "2508"]

1.d4 e6 2.e4 d5 3.Nd2 Be7 4.Ngf3 Nf6 5.e5 Nfd7 6.Bd3 c5 7.c3 Nc6 8.O-O Rb8
9.Re1 b5 10.dxc5 Nxc5 11.Bc2 b4 12.Nd4 Bd7 13.Nxc6 Bxc6 14.cxb4 Rxb4 15.a3 Rd4
16.b4 Ne4 17.Qe2 Nxd2 18.Bxd2 Qd7 19.Bd3 O-O 20.Rac1 f5 21.exf6 Bxf6 22.Be3 Rh4
23.g3 d4 24.Bd2 Bd5 25.gxh4 Bxh4 26.Bxh7+ Kh8 27.Be4 Bxf2+ 28.Kh1 Rf5 29.Bxd5 Qxd5+
30.Qe4 Bxe1 31.Qxd5 Rf1+ 32.Kg2 Rf2+ 33.Kg1 exd5 34.Bxe1 Ra2 35.Rd1 Rxa3
36.Rxd4 Re3 37.Bg3  1-0

[Event "10th Chigorin Mem B"]
[Site "St Petersburg RUS"]
[Date "2002.10.29"]
[Round "5"]
[White "Rjabzev,K"]
[Black "Kashtanov,R"]
[Result "1-0"]
[WhiteElo "2271"]
[BlackElo "2387"]

1.e4 e6 2.d4 d5 3.Nd2 Be7 4.Bd3 c5 5.exd5 Qxd5 6.Ngf3 cxd4 7.O-O Nf6 8.Bc4 Qd6
9.Bb5+ Nc6 10.Nc4 Qc5 11.Bxc6+ Qxc6 12.Qxd4 b6 13.Bg5 Ba6 14.Nce5 Qc5 15.Rfd1 Qxd4
16.Nxd4 h6 17.Bh4 g5 18.Bg3 Ne4 19.Ndc6 Bf6 20.Nd7 Bxb2 21.Ndb8 O-O 22.Nxa6 Bxa1
23.Rxa1 Kg7 24.Bc7 Rfc8 25.f3 Nc3 26.Nd4 Kf8 27.a4 Ke7 28.Nb5 Nd5 29.c4 Nxc7
30.Nbxc7 Rxc7 31.Nxc7 Rc8 32.Nb5 a6 33.Na3 Kd6 34.Rb1 Kc5 35.Kf2 Rd8 36.Ke3 f5
37.Nc2 Rd6 38.Na3 h5 39.Ke2 h4 40.Rb3 Rd4 41.Rd3 e5 42.Rxd4 Kxd4 43.h3 a5
44.Kd2 f4 45.Nb5+ Kxc4 46.Nc3 Kb3 47.Kd3 Kb4 48.Nd5+ Kxa4 49.Nxb6+ Kb5 50.Nc4 a4
51.Nxe5 Kb4 52.Kc2 Kc5 53.Kc3 a3 54.Nf7 a2 55.Kb2 Kd4 56.Nxg5 Ke3 57.Kxa2  1-0

[Event "Olympiad w"]
[Site "Bled SLO"]
[Date "2002.10.30"]
[Round "5"]
[White "Vajda,S"]
[Black "Mkrtchian,L"]
[Result "1/2-1/2"]
[WhiteElo "2365"]
[BlackElo "2409"]

1.e4 e6 2.d4 d5 3.Nd2 Be7 4.c3 c5 5.dxc5 Bxc5 6.Ngf3 Nf6 7.e5 Nfd7 8.Nb3 Bb6
9.Nbd4 Nc6 10.Bb5 Qc7 11.O-O Ncxe5 12.Bf4 Nxf3+ 13.Qxf3 Qd8 14.Bd6 Qf6 15.Qg3 a6
16.Ba4 Qg6 17.Qh3 Qh6 18.Qg3 Qg6 19.Qh3 Qh6 20.Qg3 Qg6  1/2-1/2

[Event "Olympiad w"]
[Site "Bled SLO"]
[Date "2002.10.31"]
[Round "6"]
[White "Sarakauskiene,Z"]
[Black "Richards,H"]
[Result "1/2-1/2"]
[WhiteElo "2182"]
[BlackElo "2264"]

1.e4 e6 2.d4 d5 3.Nd2 Be7 4.c3 c5 5.dxc5 Nf6 6.exd5 Qxd5 7.Ngf3 O-O 8.b4 a5
9.Bc4 Qh5 10.O-O Nc6 11.Rb1 axb4 12.cxb4 e5 13.h3 Bf5 14.Rb2 e4 15.Nh2 Qh4
16.Qb3 Rad8 17.Qg3 Qxg3 18.fxg3 Bg6 19.a3 Nh5 20.g4 Ng3 21.Re1 Bf6 22.Rb3 Bd4+
23.Rbe3 Ne5 24.Kf2 Nxc4 25.Nxc4 f5 26.Kxg3 f4+ 27.Kh4 h6 28.g5 hxg5+ 29.Kg4 fxe3
30.Bxe3 Bxe3 31.Rxe3 Rd4 32.Ne5 Bf5+ 33.Kxg5 Rd5 34.Neg4 Rd2 35.Nf1 Rxg2
36.Ng3 Bxg4 37.Kxg4 Rd8 38.Kf4 g5+ 39.Ke5 Rd3 40.Nf5 Rxe3 41.Nxe3 Ra2 42.b5 Rxa3
43.Kxe4 Ra5 44.c6 bxc6 45.bxc6 Rc5 46.Nf5 Kf7 47.Nd4 Kf6 48.Ke3 Ke5 49.Nf3+ Kf5
50.Nd4+ Ke5 51.Nf3+ Kd6 52.Nd4 Rc3+ 53.Ke4 Rxh3 54.Kf5 Rg3 55.Ne6 g4 56.Kf4 Rg1
57.Nd4 Rc1 58.Nf5+ Ke6 59.Nd4+ Kd5 60.Ne2 Rc4+ 61.Kf5 Kxc6 62.Ng3 Kd5 63.Nh5 Kc5
64.Ng3 Kd6 65.Ne4+ Kc6 66.Ng3 Kc5 67.Kg5 Rd4 68.Nf5 Re4 69.Ng3 Rb4 70.Kf5 Kd6
71.Ne4+ Ke7 72.Ng3 Kf7 73.Nh5 Ra4 74.Ng3 Rc4 75.Nh5 Ke7 76.Ng3 Kd6 77.Ne4+ Kc6
78.Ng3 Kb5 79.Kg5 Kb4 80.Ne2 Kb3 81.Kh4 Kc2 82.Kg3 Kd2 83.Nf4 Ke3 84.Ng2+ Kd3
85.Nh4 Re4 86.Nf5 Ra4 87.Nh6 Ke4 88.Kxg4 Ra6 89.Kg5 Ra5+  1/2-1/2

[Event "Olympiad"]
[Site "Bled SLO"]
[Date "2002.10.31"]
[Round "6"]
[White "Vajda,L"]
[Black "Asrian,K"]
[Result "1/2-1/2"]
[WhiteElo "2576"]
[BlackElo "2597"]

1.e4 e6 2.d4 d5 3.Nd2 Be7 4.e5 c5 5.Qg4 Kf8 6.dxc5 Nc6 7.Ngf3 h5 8.Qf4 g5
9.Qe3 Nh6 10.Bd3 Ng4 11.Qe2 Qc7 12.Nb3 Rg8 13.h4 gxh4 14.Bf4 b6 15.cxb6 axb6
16.Bb5 Na7 17.Bd3 Nc6 18.Bb5 Na7 19.Bd3  1/2-1/2

[Event "Olympiad"]
[Site "Bled SLO"]
[Date "2002.10.31"]
[Round "6"]
[White "Sermek,D"]
[Black "Reefat,S"]
[Result "1-0"]
[WhiteElo "2590"]
[BlackElo "2448"]

1.e4 e6 2.d4 d5 3.Nd2 Be7 4.c3 c5 5.dxc5 Bxc5 6.Nb3 Bb6 7.exd5 exd5 8.Qe2+ Ne7
9.Be3 O-O 10.Bxb6 axb6 11.Qd2 Nd7 12.Nf3 Nc5 13.Nbd4 Bg4 14.Be2 Ng6 15.O-O Ne4
16.Qc1 Re8 17.Bb5 Bd7 18.Bxd7 Qxd7 19.Re1 h6 20.Re3 Nf4 21.Ne2 Ne6 22.Qd1 Qb5
23.Qc2 Qc4 24.a3 f5 25.Ned4 f4 26.Ree1 N6c5 27.Rad1 Re7 28.Nf5 Rf7 29.Ne5  1-0

[Event "Olympiad"]
[Site "Bled SLO"]
[Date "2002.10.31"]
[Round "6"]
[White "Megaranto,S"]
[Black "Kristjansson,S"]
[Result "1/2-1/2"]
[WhiteElo "2420"]
[BlackElo "2431"]

1.e4 e6 2.d4 d5 3.Nd2 Be7 4.Ngf3 Nf6 5.Bd3 c5 6.exd5 exd5 7.dxc5 Bxc5 8.O-O O-O
9.Nb3 Bb6 10.Nbd4 Bg4 11.Be3 Nc6 12.Be2 Re8 13.c3 Qd6 14.Re1 Nxd4 15.Bxd4 Bxf3
16.Bxf3 Rxe1+ 17.Qxe1 Bxd4 18.cxd4 Rc8 19.Rc1 Rxc1 20.Qxc1 Qd7 21.h3 h6 22.Qc2 b6
23.a3 Kf8 24.Qc3 Ke7 25.Kh2 Qd6+ 26.g3 Kd8 27.Kg2 Ne8 28.Qd3 Nc7 29.Qh7 Qf6
30.Qg8+ Kd7 31.Bg4+ Kc6 32.Qc8 Qxd4 33.Qd7+ Kb7 34.Qc8+ Kc6 35.Qd7+ Kb7 36.Qc8+  1/2-1/2

[Event "Olympiad"]
[Site "Bled SLO"]
[Date "2002.10.31"]
[Round "6"]
[White "Cuartas,J"]
[Black "Heidenfeld,M"]
[Result "1/2-1/2"]
[WhiteElo "2435"]
[BlackElo "2373"]

1.e4 e6 2.d4 d5 3.Nd2 Be7 4.Ngf3 Nf6 5.Bd3 c5 6.exd5 Qxd5 7.Bc4 Qd6 8.dxc5 Qxc5
9.Qe2 Bd7 10.Ne5 Nc6 11.Ndf3 Rd8 12.O-O Nxe5 13.Nxe5 O-O 14.Nxd7 Rxd7 15.Be3 Qc7
16.Rad1 Rfd8 17.Rxd7 Rxd7 18.c3 a6 19.Bb3 Bd6 20.g3 Bc5 21.Bg5 Nd5 22.Rd1 h6
23.Bc1 Nf6 24.Qf3 Rxd1+ 25.Bxd1 Qd8 26.Bc2 Qd5 27.Kg2 Kf8 28.b3 Ke7 29.c4 Qxf3+
30.Kxf3 a5 31.g4 b6 32.h4 h5 33.gxh5 Nxh5 34.Bg5+ Kd7 35.b4 axb4 36.Ba4+ Kd6
37.Be8 Nf6 38.Bxf7 Nd7 39.Ke2 Ne5 40.Bf4 Bd4 41.Be8 Kc5 42.Bxe5 Bxe5 43.Kd3 Bd4
44.f3 Bf6 45.h5 Kd6  1/2-1/2

[Event "10th Chigorin Mem B"]
[Site "St Petersburg RUS"]
[Date "2002.10.31"]
[Round "6"]
[White "Shadrin,Y"]
[Black "Kashtanov,R"]
[Result "0-1"]
[WhiteElo "2176"]
[BlackElo "2387"]

1.e4 e6 2.d4 d5 3.Nd2 Be7 4.c3 c5 5.Ngf3 cxd4 6.cxd4 dxe4 7.Nxe4 Nf6 8.Bd3 Nc6
9.O-O O-O 10.Nxf6+ Bxf6 11.Be3 Nb4 12.Be4 Qd6 13.Bg5 Bxg5 14.Bxh7+ Kxh7 15.Nxg5+ Kg6
16.Qg4 f5 17.Qh4 Bd7 18.Nf3 Rh8 19.Qg5+ Kf7 20.Ne5+ Kg8 21.Rad1 Bb5 22.Rfe1 Nc2
23.Qg6 Rf8 24.Rc1 Be8  0-1

[Event "10th Chigorin Mem B"]
[Site "St Petersburg RUS"]
[Date "2002.10.31"]
[Round "6"]
[White "Shaginjan,A"]
[Black "Mochna,N"]
[Result "0-1"]
[WhiteElo "2290"]
[BlackElo "2181"]

1.e4 e6 2.d4 d5 3.Nd2 a6 4.Bd3 c5 5.c3 cxd4 6.cxd4 Nc6 7.Ngf3 dxe4 8.Nxe4 Nf6
9.Nxf6+ gxf6 10.O-O Nb4 11.Be4 f5 12.Bb1 Rg8 13.Re1 Be7 14.a3 Nd5 15.Ne5 Nf6
16.Ba2 Ng4 17.Nf3 b5 18.d5 Qb6 19.Re2 Bc5 20.dxe6 Bxf2+ 21.Kf1 Bxe6 22.Bxe6 fxe6
23.Qb3 O-O-O 24.h3 Bc5 25.hxg4 fxg4 26.Nd2 Rgf8+ 27.Ke1 Rf6 28.Ne4 Bb4+ 29.Rd2 Bxd2+
30.Bxd2 Qg1+ 31.Ke2 Qxg2+ 32.Kd1 Rf1+  0-1

[Event "Olympiad"]
[Site "Bled SLO"]
[Date "2002.11.01"]
[Round "7"]
[White "Thomas,Ni"]
[Black "Hassan,Ab"]
[Result "1-0"]
[WhiteElo "2236"]
[BlackElo "2296"]

1.e4 e6 2.d4 d5 3.Nd2 Be7 4.Ngf3 Nf6 5.Bd3 c5 6.c3 Nc6 7.O-O O-O 8.e5 Nd7
9.Re1 Qb6 10.Nf1 cxd4 11.cxd4 f6 12.exf6 Nxf6 13.Ng3 Bd7 14.a3 Rae8 15.b4 Bd6
16.Bb2 Ne7 17.Qd2 Nf5 18.Rac1 Bxg3 19.hxg3 Nd6 20.Ne5 Bb5 21.f3 Bxd3 22.Qxd3 Qd8
23.a4 Nd7 24.Nxd7 Qxd7 25.b5 Nc4 26.Ba3 Rf6 27.Re2 Rg6 28.g4 Qc7 29.Rce1 Qg3
30.Bc1 Rxg4 31.Qf5 Rg6 32.Bf4 Nd6 33.Qe5 Qxf3 34.Qxd6 Rg4 35.Qd7 Rf8 36.Qxe6+ Kh8
37.Rf1 Qd3 38.Qxg4  1-0

[Event "Olympiad w"]
[Site "Bled SLO"]
[Date "2002.11.01"]
[Round "7"]
[White "Mongontuul,B"]
[Black "Mkrtchian,L"]
[Result "1/2-1/2"]
[WhiteElo "2375"]
[BlackElo "2409"]

1.e4 e6 2.d4 d5 3.Nd2 Be7 4.Ngf3 Nf6 5.Bd3 c5 6.exd5 exd5 7.dxc5 Bxc5 8.O-O O-O
9.Nb3 Bb6 10.Bg5 h6 11.Bh4 Bg4 12.c3 Nc6 13.h3 Bh5 14.Be2 Re8 15.Nfd4 Bxe2
16.Nxe2 Re4 17.Bg3 Qd7 18.Rc1 Rae8 19.Ned4 Nxd4 20.Nxd4 Bxd4 21.cxd4 Qb5
22.b3 Qb4 23.Be5 Nd7 24.f3 Re3 25.Re1 Rxe1+ 26.Qxe1 Qxe1+ 27.Rxe1 Nf8 28.Bg3 Rxe1+
29.Bxe1 Ne6 30.Bc3 h5 31.h4 Kh7 32.Kf2 Kg6 33.Ke3 Kf5 34.Bb4 f6 35.g3 g5
36.Be7 gxh4 37.gxh4 Kg6 38.Bb4 Ng7 39.Be1 Nf5+ 40.Kd3 Kf7 41.Bf2 Ke6 42.Kc3 Kd6
43.Kd2 Ne7 44.Ke3 Ke6 45.Kd3 Kf5 46.Ke3 Nc6 47.Be1 a6 48.Bd2 Ne7 49.Be1 Nc6
50.Bd2 Na7 51.Be1 Nb5 52.Bb4 Nc7 53.Be1 Ne6 54.Bg3 Ng7 55.Bf2 Ke6 56.Kd3 Nf5
57.Kd2 Kd6 58.Ke2 Kc6 59.Kd3 Kb5 60.Be1 Ne7 61.Ke3 Ng6 62.a3 Kc6 63.Bg3 Kd7
64.Kd3 Ne7 65.Be1 Ke6 66.Ke3 Kf5 67.Bf2 Nc6 68.Be1 Na7 69.Bd2 Nb5 70.Bb4 Na7
71.Bd2 Nc8 72.Bb4 Na7 73.Bd2 Nc6 74.Be1  1/2-1/2

[Event "10th Chigorin Mem"]
[Site "St Petersburg RUS"]
[Date "2002.11.01"]
[Round "7"]
[White "Yandemirov,V"]
[Black "Vysochin,S"]
[Result "1-0"]
[WhiteElo "2472"]
[BlackElo "2562"]

1.e4 e6 2.d4 d5 3.Nd2 Nc6 4.Ngf3 Nf6 5.e5 Nd7 6.Be2 Be7 7.Nf1 O-O 8.Ne3 f6
9.exf6 Nxf6 10.O-O Bd6 11.c4 b6 12.Qa4 Ne7 13.Ne5 Bb7 14.cxd5 Nfxd5 15.N3c4 Nf4
16.Bf3 Bxf3 17.Nxf3 Nh3+ 18.Kh1 Rxf3 19.gxf3 Nd5 20.Nxd6 cxd6 21.Qc2 Qh4
22.Qe4 Nxf2+ 23.Rxf2 Qxf2 24.Bh6 gxh6 25.Rg1+ Kh8 26.Qg4 Qxg1+ 27.Qxg1 Rc8
28.h4 a5 29.Qe1 Re8 30.Qg3 e5 31.dxe5 Rxe5 32.Qg4 Re1+ 33.Kh2 Re2+ 34.Kg1 Nf6
35.Qd4 Kg7 36.Qxb6 d5 37.Qxa5 Rxb2 38.a4 Ra2 39.Qb4 Ra1+ 40.Kf2 Kg6 41.Qb2 Rh1
42.Kg2 Rxh4 43.a5 d4 44.Qc2+ Kf7 45.a6  1-0

[Event "10th Chigorin Mem"]
[Site "St Petersburg RUS"]
[Date "2002.11.02"]
[Round "8"]
[White "Deviatkin,A"]
[Black "Vysochin,S"]
[Result "1/2-1/2"]
[WhiteElo "2442"]
[BlackElo "2562"]

1.e4 e6 2.d4 d5 3.Nd2 Nc6 4.Ngf3 Nf6 5.e5 Nd7 6.Nb3 a5 7.a4 Be7 8.Be2 O-O
9.c3 f6 10.exf6 Bxf6 11.O-O e5 12.dxe5 Ndxe5 13.Be3 b6 14.Nbd4 Nxf3+ 15.Nxf3 Ne7
16.Bd4 c5 17.Bxf6 Rxf6 18.Ne5 Qd6 19.f4 Bb7 20.Qd2 Raf8 21.Bb5 Bc8 22.Rae1 Bf5
23.Rd1 Qc7 24.Rfe1 c4 25.g3 Rc8 26.Qd4 h5 27.Nd7 Re6 28.Rxe6 Bxe6 29.Re1 Nf5
30.Qe5 Qxe5 31.Rxe5 Kf7 32.Nxb6 Rd8 33.Bd7 Bxd7 34.Nxd7 g6 35.Nc5 Rb8 36.Re2 d4
37.Nd7 Rb3 38.Ne5+ Kg7 39.Nxc4 dxc3 40.bxc3 Rxc3 41.Nxa5 h4 42.gxh4 Ra3 43.Re4 Ra2
44.Nb3 Kh6 45.Nd4 Nxh4 46.Ne2 Nf3+ 47.Kf2 Nxh2 48.Ke1 g5 49.fxg5+ Kxg5 50.Kd1 Ng4
51.Nc3  1/2-1/2

[Event "10th Chigorin Mem"]
[Site "St Petersburg RUS"]
[Date "2002.11.02"]
[Round "8"]
[White "Andreev,Ed"]
[Black "Doroshkievich,V"]
[Result "1-0"]
[WhiteElo "2466"]
[BlackElo "2412"]

1.e4 e6 2.d4 d5 3.Nd2 Be7 4.Bd3 c5 5.dxc5 Nf6 6.Qe2 Qc7 7.Ngf3 dxe4 8.Nxe4 Nbd7
9.Nd6+ Bxd6 10.cxd6 Qxd6 11.O-O O-O 12.Rd1 Qc7 13.c4 b6 14.b3 Bb7 15.Bb2 Qf4
16.Ne5 Qg5 17.f3 Nxe5 18.Qxe5 Qxe5 19.Bxe5 Bc6 20.Rd2 Nd7 21.Bd6 Rfc8 22.Rad1 Nc5
23.Bc2 Nb7 24.Bf4 f6 25.h4 h6 26.h5 Kf8 27.Re2 e5 28.Bc1 Rd8 29.Ba3+ Kf7
30.Red2 Rxd2 31.Rxd2 Ke6 32.Kf2 f5 33.Re2 Nc5 34.Bb2 Nd7 35.Bxe5 Nxe5 36.f4 Kf6
37.Rxe5 Bd7 38.Ke3 Be6 39.a4 Rc8 40.a5 Rc6 41.Kd4 Rd6+ 42.Kc3 Rd8 43.Bd3 Rd6
44.Be2 Bd7 45.b4 Bc6 46.g3 Be4 47.c5 Rc6 48.b5 Rc7  1-0